| 000 | 00626cam a22001935a 4500 | ||
|---|---|---|---|
| 001 | L141446 | ||
| 008 | 071126s1980 xxka f 000 0ceng d | ||
| 035 | _a(Sirsi) u141446 | ||
| 041 | 0 | _aeng | |
| 050 | 0 | 4 | _a920 $2 18 |
| 110 | 2 |
_aPorter and Cobb _91715 |
|
| 245 | 0 | 0 |
_aPorter & Cobb _b1880-1980, a century of service in Kent |
| 260 |
_a[Kent] _bs.n. _c[1980] |
||
| 300 |
_a12 p. _bill. _c22 cm. |
||
| 520 | _aA history of the firm of Porter & Cobb and the firms who have merged with it, including Dann & Lucas and W. Wood & Sons. | ||
| 651 | 4 | _aKent | |
| 690 | _aABOUT RICS-RICS MEMBERS-CHARTERED SURVEYORS | ||
| 942 | _n0 | ||
| 999 |
_c107669 _d107669 |
||